000 00389nam a22001217a 4500
082 _a200 THE
100 _aUsman Ali
_947627
245 _aTH-SOF-1822-Novel Distributed Load Management Algorithm (NDLMA) for Local Level Management in Smart Grid
260 _aISLAMABAD
_bNUST COLLEGE OF EME
_c2020
650 _aMS-CSE-17 [12]
_973257
700 _aMS-CSE-17 [12]
_973258
942 _cCF
_2ddc
999 _c579062
_d579062